Fluid thermodynamic properties for light petroleum systems /

Guardado en:
Autor Principal: Starling, Kenneth E.
Formato: Libro
Idioma:English
Publicado: Houston : Gulf Pub. Co., c1973.
Materias:
Etiquetas: Agregar Etiqueta
Sin Etiquetas, Sea el primero en etiquetar este registro!
LEADER 00995cam a22002775a 4500
001 EIQ.libpla002255
008 740604s1973####txua#####b####001#0#eng#d
005 20070516172029.0
245 1 0 |a Fluid thermodynamic properties for light petroleum systems /  |c [by] Kenneth E. Starling. 
260 |a Houston :  |b Gulf Pub. Co.,  |c c1973. 
300 |a ix, 270 p. :  |b il., tablas ;  |c 29 cm. 
500 |a "Portions of this book originally appeared in Hydrocarbon processing magazine." 
500 |a Parte del material ilustrativo en bolsillo. 
504 |a Incluye referencias bibliográficas e índice. 
020 |a 087201293X 
100 1 |a Starling, Kenneth E. 
082 0 0 |a 661/.81 
650 4 |a Hidrocarburos  |x Tablas. 
650 4 |a Gases  |x Tablas. 
650 4 |a Termodinámica  |x Tablas. 
650 0 |a Gases  |x Tables. 
650 0 |a Thermodynamics  |x Tables. 
650 0 |a Hydrocarbons  |x Tables. 
010 |a  70184683  
040 |a DLC  |c DLC  |d AR-BbSID 
859 |a AR-BbSID  |b BIB. PLAPIQUI  |h 661.281  |i St 28  |p 1100